Embedded C Programming And The Atmel AVR (Record no. 306486)

MARC details
000 -LEADER
fixed length control field 00398nam a2200157Ia 4500
008 - FIXED-LENGTH DATA ELEMENTS--GENERAL INFORMATION
fixed length control field 230718s9999 xx 000 0 und d
041 ## - LANGUAGE CODE
Language code of text/sound track or separate title eng
082 ## - DEWEY DECIMAL CLASSIFICATION NUMBER
Classification number 005.13'3
Item number BAR
100 ## - MAIN ENTRY--PERSONAL NAME
Personal name Barnett R.
245 ## - TITLE STATEMENT
Title Embedded C Programming And The Atmel AVR
260 ## - PUBLICATION, DISTRIBUTION, ETC. (IMPRINT)
Date of publication, distribution, etc. 2003
Name of publisher, distributor, etc. Eswar Press
300 ## - PHYSICAL DESCRIPTION
Extent 495
365 ## - TRADE PRICE
Currency code Rs.
Price amount 495.00
700 ## - ADDED ENTRY--PERSONAL NAME
Personal name Barnett R.
906 ## - LOCAL DATA ELEMENT F, LDF (RLIN)
d B:324215-Jan-2004
c COMP
b 100
Holdings
Withdrawn status Lost status Damaged status Not for loan Home library Current library Date acquired Vendor Budget Code Cost, normal purchase price Bill number Total Checkouts Full call number Barcode Date last seen Discount Cost, replacement price Bill Date Koha item type Original Barcode
        Cummins College of Engineering for Women Pune Cummins College of Engineering for Women Pune 22/01/2004 Technical Book Services COMP 395.00 3242   005.13'3 CCEP-BK-17693 18/07/2023 100 495.00 15/01/2004 Books 017693